Macroeconomics in emerging markets
Gespeichert in:
| 1. Verfasser: | |
|---|---|
| Format: | Buch |
| Sprache: | Englisch |
| Veröffentlicht: |
Cambridge
Cambridge University Press
2003
|
| Schlagworte: | |
| Tags: |
Keine Tags, Fügen Sie das erste Tag hinzu!
|
MARC
| LEADER | 00000nam$a2200000$$$4500 | ||
|---|---|---|---|
| 001 | 0042537 | ||
| 005 | 20240312115819.2 | ||
| 020 | |a 0-521-78060-8 | ||
| 041 | 0 | |a eng | |
| 044 | |a GB | ||
| 245 | 1 | 0 | |a Macroeconomics in emerging markets |c Peter J. Montiel |
| 264 | 1 | |a Cambridge |b Cambridge University Press |c 2003 | |
| 300 | |a x, 445 s. | ||
| 610 | 2 | 0 | |a makroekonomika |
| 610 | 2 | 0 | |a krajiny rozvojové |
| 610 | 2 | 0 | |a situácia hospodárska |
| 610 | 2 | 0 | |a rovnováha hospodárska |
| 610 | 2 | 0 | |a financie verejné |
| 610 | 2 | 0 | |a financie |
| 610 | 2 | 0 | |a kríza finančná |
| 610 | 2 | 0 | |a politika hospodárska |
| 610 | 2 | 0 | |a politika fiškálna |
| 610 | 2 | 0 | |a reformy hospodárske |
| 100 | 1 | |a Montiel, Peter J. | |